| 000 | 01578cab a2200265 4500 | ||
|---|---|---|---|
| 001 | Z3225 | ||
| 008 | 090401t1993 xxu||||| |||| 00| 0 eng d | ||
| 035 | _a(Sirsi) u51737 | ||
| 041 | _aeng | ||
| 245 | _aBedwell Park Quarry Co Ltd v Hertfordshire CC | ||
| 260 | _c1993 | ||
| 350 | _a0 | ||
| 490 |
_aJournal of Planning and Environment Law _v1993 JPL 349-353(3) |
||
| 520 | _aCA 15 May 1992. An appeal on an agreement made under Town and Country Planning Act 1971 s52 and Local Government (Miscellaneous Provisions) Act 1982 s33 between the company, B, and the council, E. The agreement related to land owned by B and allowed them to operate a scheme of for extraction of chalk. Under the agreement B covenanted that infilling should take place as shown on a plan and that the land should be restored by September 1989. B applied to LT and sought relief on the grounds that this was a `positive` burden and under Law of Property Act 1925 s84 claimed relief against restrictive covenants. B sought to amend the land restoration statement to `by 30 June 1997`. CA held in favour of E on the grounds that the covenant improved a `positive` obligation. | ||
| 650 | _aLAND RESTORATION CONDITION | ||
| 650 | _aLAW OF PROPERTY ACT 1925 S84 | ||
| 650 | _aLOCAL GOVERNMENT (MISCELANEOUS PROVISIONS) ACT 1982 S33 | ||
| 650 | _aPLANNING CONDITIONS | ||
| 650 | _aPOSITIVE OBLIGATIONS | ||
| 650 | _aTOWN AND COUNTRY PLANNING ACT 1971 S52 | ||
| 650 | _aTOWN AND COUNTRY PLANNING ACT 1991 S106 | ||
| 690 | _aMINING AND MINERALS-CASE LAW | ||
| 942 | _n0 | ||
| 948 | _c04/03/1997 | ||
| 999 |
_c32105 _d32105 |
||